Informatyka modele systemów i rozwoju
Salvato in:
| Natura: | Libro |
|---|---|
| Lingua: | polacco |
| Pubblicazione: |
Warszawa
Wydawnictwo ekonomiczne
1980
|
| Tags: |
Nessun Tag, puoi essere il primo ad aggiungerne!!
|
MARC
| LEADER | 00000nam a2200000 4500 | ||
|---|---|---|---|
| 001 | c113780 | ||
| 005 | 20260119105509.9 | ||
| 041 | 0 | |a pol | |
| 044 | |a PL | ||
| 245 | 1 | 0 | |a Informatyka |b modele systemów i rozwoju |c Andrzej Targowski |
| 264 | 1 | |a Warszawa |b Wydawnictwo ekonomiczne |c 1980 | |
| 300 | |a 608 s. | ||